000 01002nas a2200325 4500
001 BR8701917
003 BR-BrBNA
005 20231205090626.0
007 ta
008 230509b bl.|||p| |||| 00| 00por d
040 _aBR-BrBNA
_bpor
_cBiblioteca Nacional de Agricultura
041 _a(Pt)
072 _aE21; P05; C30
100 1 _aMartinelli, J.S.
100 1 _aLorenzato, P.S.
245 1 _aControle de processo na producao de alcool e acucar atraves de microprocessador
246 1 _a[Process control on the production of alcohol and sugar by means of microprocesser]
650 _aACUCAR
650 _aALCOOL
650 _aINDUSTRIA AGRICOLA
650 _aINSTALACAO AGRICOLA
650 _aMOENDA
650 _aDESTILARIA
650 _aAUTOMACAO
650 _aCOMPUTADOR
650 _aRENDIMENTO
773 0 _tAlcool e Acucar (Brazil)
_xISSN 0101-8566
_g(Mar-Apr 1985), v. 5(21) p. 20, 22-23
_wBR8701917
909 _a202311
_bLúcia
_c55
_dLúcia Elande
942 _2AGRIS
_n0
_cANA
999 _c119858
_d119858